Culture Générale #06 - Statistiques

Statistiques générales
  • Ce quiz a été pris 277 fois
  • Le résultat moyen est 9 sur 20
Statistiques - réponses
Questions Réponses % Correct
Quel est l'âge minimal requis pour être candidat à l'élection présidentielle en France ? 18
96%
Quel groupe sanguin est considéré comme donneur universel ? O-
81%
Quelle organe du corps humain est en charge de faire disparaître les substances toxiques ? le Foie
69%
Combien y a-t-il de paires de chromosomes dans une cellule humaine classique ? 23
68%
Quel pays possède le plus de fuseau horaires (13) ? la France
63%
Quelle est la signification de WWW dans une adresse internet ? World Wide Web
61%
D'où sont originaires les soldats qui assurent la sécurité du pape ? de Suisse
57%
Quels mollusques élève-t-on dans une clayère ? les Moules
45%
Quelle est la capitale des Philippines ? Manille
43%
Combien de temps met la lumière du Soleil à nous atteindre ? 8 minutes 20
40%
À quel navigateur doit-on la découverte du Canada ? Jacques Cartier
39%
En quelle année a été proclamée la Déclaration d'Indépendance des États-Unis d'Amérique ? 1776
38%
Quel animal créé par Herman Melville est Moby-Dick ? un Cachalot
37%
Quel animal est présent dans un élevage d’héliciculture ? L’escargot
34%
Quel fleuve forme la frontière entre la Birmanie et le Laos, puis entre la Thaïlande et le Laos ? le Mékong
33%
Quel personnage mythologique grec a volé le feu aux dieux pour le donner aux humains ? Prométhée
33%
Quel peintre est l’auteur du tableau « Le Sacre de Napoléon » ? Jacques-Louis David
27%
Quel est le temps record détenu par Usain Bolt pour parcourir 100 m ? 9,58 secondes
22%
Quel film raconte la vie d’Alan Turing durant la Seconde Guerre mondiale ? The Imitation Game
19%
Quel est l'autre nom pour désigner le compteur kilométrique d'une voiture ? un Odomètre
5%
Aucun quiz correspondant
Distribution des résultats
% des personnes avec chaque résultat
Percentile par nombre de réponses
Votre historique - résultats
Vous n’avez pas pris ce quiz